000 00357nam a2200145Ia 4500
003 LK-CoDNM
008 010623t1925 xxu||||| |||| 00| 1 eng d
040 _aLK-CoDNM
_dLK-CoDNM
_eLK-CoDNM
041 _aeng
080 _a20 G 25
245 _aPlate's Ceylon annual,1925
260 _bPlate Ltd
_aColpetty
_c1925
300 _b70p,ill,pl., 26 cm
942 _cBK
999 _c92723
_d92723